Mezinárodní smlouvy o zamezení dvojího zdanění.

Zmluva medzi štátmi o zamedzení dvojitého zdanenia na zaistenie objektívneho rozdelenia práva na vyberanie daní z príjmov a z majetku v prípadoch, keď príjmy majú zdroj na území jedného štátu a plynú príjemcovi so sídlom na území druhého štátu. Zásady a obsah obojstranných zmlúv. Prehľad platných zm...

ver descrição completa

Na minha lista:
Detalhes bibliográficos
Autor principal: Kudlík, J.
Formato: Capítulo de Livro
Idioma:tcheco
Assuntos:
Tags: Adicionar Tag
Sem tags, seja o primeiro a adicionar uma tag!

MARC

LEADER 00000naa a2200000 4500
001 r012533
005 20220826095047.0
041 0 |a cze 
044 |a CZ 
245 1 0 |a Mezinárodní smlouvy o zamezení dvojího zdanění.  |c J. Kudlík 
520 |a Zmluva medzi štátmi o zamedzení dvojitého zdanenia na zaistenie objektívneho rozdelenia práva na vyberanie daní z príjmov a z majetku v prípadoch, keď príjmy majú zdroj na území jedného štátu a plynú príjemcovi so sídlom na území druhého štátu. Zásady a obsah obojstranných zmlúv. Prehľad platných zmlúv ČR o zamedzení dvojitého zdanenia. 
610 2 0 |a zmluvy medzinárodné 
610 2 0 |a dane 
610 2 0 |a Čechy 
100 1 |a Kudlík, J.